[Event "CRO-chT2 Center"]
[Site "Zagreb"]
[Date "2010.03.28"]
[Round "4.53"]
[White "Gazarek, Danko"]
[Black "Maras, Mile"]
[Result "1/2-1/2"]
[WhiteElo "2301"]
[BlackElo "2256"]
[PlyCount "139"]
[EventDate "2010.03.21"]
[EventType "team-tourn"]
[EventRounds "11"]
[EventCountry "CRO"]
[SourceTitle "EXT 2012"]
[Source "ChessBase"]
[SourceDate "2011.11.24"]
[SourceVersion "1"]
[SourceVersionDate "2011.11.24"]
[SourceQuality "1"]

1. d4 Nf6 2. Nf3 g6 3. c4 Bg7 4. Nc3 d6 5. Bg5 0-0 6. e3 c5 7. Be2 Na6 8. 0-0 h6 9. Bh4 g5 10. Bg3 Nh5 11. d5 Nxg3 12. hxg3 Nc7 13. Qc2 a6 14. a4 Rb8 15. a5 Bd7 16. Rfe1 b5 17. axb6 Rxb6 18. Bd3 e6 19. dxe6 fxe6 20. Red1 Kh8 21. Ra2 Qe7 22. Rd2 Rfb8 23. Qd1 d5 24. Qe2 Be8 25. g4 Bf7 26. Ra5 Be8 27. Ra2 Bc6 28. Ra5 Rb4 29. e4 d4 30. Na2 Ra4 31. Rxa4 Bxa4 32. e5 Bc6 33. Be4 Be8 34. Nc1 Bf8 35. Qd3 a5 36. Ne2 Na6 37. Ng3 Nb4 38. Qe2 Qg7 39. Bb1 Be7 40. Nh5 Bxh5 41. gxh5 g4 42. Ne1 Bg5 43. Rd1 g3 44. Qe4 gxf2+ 45. Kxf2 Be3+ 46. Kf1 Qf7+ 47. Nf3 Rb7 48. Re1 Bd2 49. Re2 Bc1 50. Rf2 Be3 51. Re2 Rd7 52. Qg6 Qxg6 53. Bxg6 Kg7 54. Re1 Rb7 55. Be4 Ra7 56. Ke2 Ra6 57. Ra1 a4 58. Ne1 Bf4 59. Nf3 Bg3 60. Ra3 Bf4 61. Ra1 Kg8 62. g3 Be3 63. Ne1 Bg5 64. Nf3 Be7 65. Ra3 Kf8 66. Bb7 Rb6 67. Be4 Na6 68. Rxa4 Rxb2+ 69. Kf1 Rb6 70. Bg6 1/2-1/2

[Event "CRO-chT2 qual"]
[Site "Split"]
[Date "2009.12.28"]
[Round "2"]
[White "Gazarek, Danko"]
[Black "Susak, Zeljko"]
[Result "1/2-1/2"]
[WhiteElo "2309"]
[BlackElo "2197"]
[PlyCount "69"]
[EventDate "2009.12.28"]
[EventType "team-tourn"]
[EventRounds "3"]
[EventCountry "CRO"]
[SourceTitle "CBM 134 Extra"]
[Source "ChessBase"]
[SourceDate "2010.03.03"]
[SourceVersion "1"]
[SourceVersionDate "2010.03.03"]
[SourceQuality "1"]

1. d4 Nf6 2. Nf3 e6 3. c4 Bb4+ 4. Bd2 a5 5. g3 d6 6. Bg2 Nbd7 7. 0-0 e5 8. Bg5 exd4 9. Nxd4 0-0 10. a3 Bc5 11. Nc3 h6 12. Bxf6 Nxf6 13. h3 c6 14. e3 Bb6 15. Rc1 Qe7 16. Qd2 Rd8 17. Rfd1 Qf8 18. Qc2 Nd7 19. b4 axb4 20. axb4 Ne5 21. Nce2 Bd7 22. c5 dxc5 23. bxc5 Bc7 24. f4 Ng6 25. e4 h5 26. e5 Bc8 27. e6 Ne7 28. f5 Nd5 29. Qe4 Ra3 30. Rd3 Rxd3 31. Qxd3 Qe7 32. Qe4 Nf6 33. Qe3 Nd5 34. Qe4 Nf6 35. Qe3 1/2-1/2

[Event "CRO-chT2b"]
[Site "Croatia"]
[Date "2009.03.08"]
[Round "3"]
[White "Gazarek, Danko"]
[Black "Ranogajec, Borislav"]
[Result "1-0"]
[WhiteElo "2301"]
[BlackElo "2058"]
[PlyCount "73"]
[EventDate "2009.03.01"]
[EventType "team-tourn"]
[EventRounds "11"]
[EventCountry "CRO"]
[SourceTitle "EXT 2010"]
[Source "ChessBase"]
[SourceDate "2010.11.25"]
[SourceVersion "1"]
[SourceVersionDate "2010.11.25"]
[SourceQuality "1"]

1. d4 Nf6 2. Nf3 d5 3. c4 e6 4. g3 Nbd7 5. Bg2 c6 6. 0-0 h6 7. Qc2 Be7 8. Nbd2 0-0 9. b3 Re8 10. Bb2 Rb8 11. Rad1 b6 12. e4 Ba6 13. Rfe1 Qc8 14. Ne5 Bb4 15. Bc3 Bxc3 16. Qxc3 dxc4 17. Ndxc4 Qc7 18. f4 Rbd8 19. h3 Nf8 20. Kh2 N6d7 21. Rc1 f6 22. Nxd7 Nxd7 23. e5 fxe5 24. fxe5 Bxc4 25. Qxc4 c5 26. b4 Re7 27. bxc5 bxc5 28. Qc3 Rc8 29. Qa3 Kh8 30. Rb1 Rf7 31. Rb7 Qd8 32. dxc5 Rc7 33. c6 Rxb7 34. cxb7 Qb6 35. Qd6 g6 36. Qxb6 axb6 37. Rd1 1-0

[Event "CRO-chT2b"]
[Site "Croatia"]
[Date "2009.03.01"]
[Round "1"]
[White "Gazarek, Danko"]
[Black "Ilincic, Pavle"]
[Result "1/2-1/2"]
[WhiteElo "2301"]
[BlackElo "2224"]
[PlyCount "84"]
[EventDate "2009.03.01"]
[EventType "team-tourn"]
[EventRounds "11"]
[EventCountry "CRO"]
[SourceTitle "EXT 2010"]
[Source "ChessBase"]
[SourceDate "2010.11.25"]
[SourceVersion "1"]
[SourceVersionDate "2010.11.25"]
[SourceQuality "1"]

1. d4 Nf6 2. Nf3 e6 3. g3 c5 4. Bg2 cxd4 5. Nxd4 d5 6. 0-0 e5 7. Nb3 Nc6 8. Bg5 Be6 9. Nc3 d4 10. Ne4 Bxb3 11. axb3 Be7 12. Bxf6 Bxf6 13. e3 Be7 14. exd4 exd4 15. Nd2 0-0 16. Bxc6 bxc6 17. Nc4 Qd5 18. Ra5 Bc5 19. Qd3 Rab8 20. Nd2 Rb5 21. Rxb5 cxb5 22. Qxb5 d3 23. Qxd3 Qxd3 24. cxd3 Rd8 25. Ne4 Bd4 26. Ra1 Rd7 27. Kf1 Bxb2 28. Rb1 Bd4 29. Ke2 f5 30. Nd2 Re7+ 31. Kf1 Bc3 32. Nf3 Rb7 33. Ke2 Re7+ 34. Kd1 Bb4 35. Rc1 h6 36. Rc4 a5 37. d4 Re4 38. Nd2 Re7 39. Nf3 Re4 40. h3 g5 41. Nd2 Re7 42. Nf3 Re4 1/2-1/2

[Event "CRO-chT2 Center"]
[Site "Zagreb"]
[Date "2005.04.16"]
[Round "2.2"]
[White "Gazarek, Danko"]
[Black "Gruskovnjak, Tomislav"]
[Result "0-1"]
[WhiteElo "2337"]
[BlackElo "2297"]
[PlyCount "138"]
[EventDate "2005.04.03"]
[EventType "team-tourn"]
[EventRounds "11"]
[EventCountry "CRO"]
[SourceTitle "EXT 2007"]
[Source "ChessBase"]
[SourceDate "2006.11.23"]
[SourceVersion "1"]
[SourceVersionDate "2006.11.23"]
[SourceQuality "1"]

1. d4 d5 2. Nf3 Nc6 3. c4 Bg4 4. Nc3 e6 5. Bg5 Be7 6. Bxe7 Ngxe7 7. e3 0-0 8. cxd5 Nxd5 9. Be2 Nxc3 10. bxc3 Qd6 11. 0-0 Na5 12. h3 Bxf3 13. Bxf3 Rac8 14. Qa4 b6 15. c4 c5 16. d5 e5 17. e4 Rcd8 18. Rab1 Qc7 19. Bg4 g6 20. Qc2 Qe7 21. g3 Nb7 22. f4 Nd6 23. f5 Qg5 24. Kh2 h5 25. Be2 Qe3 26. Bf3 h4 27. gxh4 Qf4+ 28. Kh1 gxf5 29. Bg2 Qxh4 30. exf5 f6 31. Rb3 Kh8 32. Rc3 Rg8 33. Qf2 Qxf2 34. Rxf2 Rg5 35. a4 Kg7 36. a5 Rxf5 37. Ra2 Rf4 38. axb6 axb6 39. Ra7+ Kg6 40. Rg3+ Kf5 41. Rh7 Ne4 42. Rh5+ Ng5 43. Rh6 Rxc4 44. h4 Kf4 45. Kh2 Ne4 46. Rf3+ Kg4 47. Rh7 Rxd5 48. Rg7+ Kh5 49. Rfg3 Nxg3 50. Bxd5 Nf1+ 51. Kg1 Rf4 52. Rh7+ Kg6 53. Rb7 Ne3 54. Bf7+ Kh6 55. Rxb6 Kg7 56. Be6 Rxh4 57. Rb8 Rh8 58. Rb3 Nc2 59. Rb7+ Kg6 60. Rc7 Nd4 61. Bf7+ Kg5 62. Rxc5 Kf4 63. Bd5 f5 64. Rc4 Rd8 65. Bb7 e4 66. Rc7 Nf3+ 67. Kf1 Rd1+ 68. Ke2 Re1+ 69. Kf2 e3+ 0-1

[Event "CRO Cup"]
[Site "Rabac"]
[Date "2003.05.28"]
[Round "3"]
[White "Gazarek, Danko"]
[Black "Glavas, Dragan"]
[Result "1-0"]
[WhiteElo "2326"]
[BlackElo "2221"]
[PlyCount "55"]
[EventDate "2003.05.26"]
[EventType "team"]
[EventRounds "5"]
[EventCountry "CRO"]
[SourceTitle "CBM 094 Extra"]
[Source "ChessBase"]
[SourceDate "2003.07.09"]
[SourceVersion "2"]
[SourceVersionDate "2003.07.09"]
[SourceQuality "1"]

1. d4 f5 2. c4 c6 3. Nc3 Nf6 4. Nf3 e6 5. g3 d5 6. Bg2 Bd6 7. 0-0 0-0 8. Bf4 Bxf4 9. gxf4 Ne4 10. Qc2 Qf6 11. e3 b6 12. Ne5 Ba6 13. Nxe4 fxe4 14. f3 exf3 15. Rxf3 Bb7 16. Rg3 Qe7 17. Rh3 Rf5 18. e4 Rxe5 19. fxe5 dxc4 20. Qxc4 Nd7 21. Rf1 a5 22. Qc3 Qb4 23. Rhf3 c5 24. Rf7 Bc6 25. Bh3 Re8 26. Qxb4 axb4 27. d5 Nxe5 28. Bxe6 1-0

[Event "CRO-chT"]
[Site "Pula"]
[Date "2001.09.16"]
[Round "7"]
[White "Gazarek, Danko"]
[Black "Dizdar, Goran"]
[Result "0-1"]
[WhiteElo "2354"]
[BlackElo "2537"]
[PlyCount "46"]
[EventDate "2001.09.10"]
[EventType "team"]
[EventRounds "9"]
[EventCountry "CRO"]
[SourceTitle "CBM 084 Extra"]
[Source "ChessBase"]
[SourceDate "2001.10.26"]
[SourceVersion "1"]
[SourceVersionDate "2001.10.26"]
[SourceQuality "1"]

1. d4 d5 2. c4 e6 3. Nc3 Bb4 4. Qa4+ Nc6 5. a3 Bxc3+ 6. bxc3 Nge7 7. Nf3 0-0 8. e3 b6 9. cxd5 exd5 10. Bd3 Na5 11. Qc2 h6 12. e4 dxe4 13. Bxe4 Ba6 14. c4 Bxc4 15. Bd2 Bb3 16. Qb2 Bd5 17. Bxa5 Bxe4 18. Nd2 Qd5 19. Bb4 Rfe8 20. f3 Bd3 21. 0-0-0 Nc6 22. Bc3 Re2 23. Qb3 Qxb3 0-1

[Event "CRO-chT"]
[Site "Pula"]
[Date "2000.09.18"]
[Round "8"]
[White "Gazarek, Danko"]
[Black "Kovacevic, Blazimir"]
[Result "1/2-1/2"]
[WhiteElo "2370"]
[BlackElo "2443"]
[PlyCount "62"]
[EventDate "2000.09.??"]
[EventType "team"]
[EventRounds "9"]
[EventCountry "CRO"]
[SourceTitle "CBM 078 Extra"]
[Source "ChessBase"]
[SourceDate "2000.11.10"]
[SourceVersion "1"]
[SourceVersionDate "2000.11.10"]
[SourceQuality "1"]

1. d4 e6 2. Nf3 f5 3. c4 Nf6 4. g3 c6 5. Bg2 d5 6. 0-0 Bd6 7. Bf4 Bxf4 8. gxf4 0-0 9. Nbd2 Ne4 10. Qc2 Bd7 11. Ne5 Be8 12. Nb3 Nd7 13. e3 Bh5 14. Rac1 Qe7 15. Kh1 Rad8 16. f3 Nd6 17. cxd5 exd5 18. Qf2 Kh8 19. Rg1 Rg8 20. Rce1 g5 21. Nxd7 Rxd7 22. Nc5 Rdd8 23. fxg5 Rxg5 24. Nd3 Rdg8 25. Nf4 Qf6 26. Nh3 R5g7 27. Nf4 Bf7 28. Bh3 Rxg1+ 29. Rxg1 Re8 30. Re1 Bg6 31. Bf1 Re7 1/2-1/2

[Event "CRO-chT"]
[Site "Pula"]
[Date "2000.09.12"]
[Round "2"]
[White "Novakovic, Dragan"]
[Black "Gazarek, Danko"]
[Result "1/2-1/2"]
[WhiteElo "2374"]
[BlackElo "2370"]
[PlyCount "30"]
[EventDate "2000.09.??"]
[EventType "team"]
[EventRounds "9"]
[EventCountry "CRO"]
[SourceTitle "CBM 078 Extra"]
[Source "ChessBase"]
[SourceDate "2000.11.10"]
[SourceVersion "1"]
[SourceVersionDate "2000.11.10"]
[SourceQuality "1"]

1. d4 Nf6 2. Nf3 e6 3. g3 b5 4. Bg2 Bb7 5. Bg5 c5 6. e3 d5 7. 0-0 Nbd7 8. a4 b4 9. Ne5 Nxe5 10. dxe5 h6 11. Bxf6 gxf6 12. exf6 Qxf6 13. Qe2 0-0-0 14. c3 Kb8 15. Nd2 e5 1/2-1/2

[Event "Ljubljana op 10th"]
[Site "Ljubljana"]
[Date "1999.06.27"]
[Round "3"]
[White "Gazarek, Danko"]
[Black "Kozamernik, Janez"]
[Result "1-0"]
[WhiteElo "2335"]
[BlackElo "2103"]
[PlyCount "85"]
[EventDate "1999.06.??"]
[EventType "swiss"]
[EventRounds "9"]
[EventCountry "SLO"]
[SourceTitle "EXT 2000"]
[Source "ChessBase"]
[SourceDate "1999.11.16"]
[SourceVersion "1"]
[SourceVersionDate "1999.11.16"]
[SourceQuality "1"]

1. d4 d5 2. Nf3 Nf6 3. c4 c6 4. Nc3 e6 5. g3 dxc4 6. Bg2 b5 7. Ne5 Nd5 8. 0-0 Bb7 9. a4 a6 10. e4 Nc7 11. Qf3 Qf6 12. Qh5 Be7 13. h4 g6 14. Qg4 Qg7 15. h5 f6 16. Nf3 Nd7 17. Bf4 Rc8 18. axb5 cxb5 19. Bxc7 Rxc7 20. Qxe6 Qf7 21. Qg4 0-0 22. hxg6 Qxg6 23. Qf4 Rfc8 24. Bh3 Bb4 25. Nd5 Bxd5 26. exd5 a5 27. Bf5 Qg7 28. Kg2 a4 29. Rh1 Nf8 30. d6 Rc6 31. d7 Rd8 32. d5 Rd6 33. Nd4 R6xd7 34. Nc6 Bc5 35. Nxd8 Rxd8 36. Qe4 Qe7 37. Qg4+ Qg7 38. Qf3 Bd4 39. Rab1 Be5 40. Rh4 Qb7 41. Be4 Qd7 42. Qh5 Qf7 43. Rg4+ 1-0

[Event "CRO-Cup"]
[Site "Pula"]
[Date "1999.05.27"]
[Round "4"]
[White "Kurajica, Bojan"]
[Black "Gazarek, Danko"]
[Result "1-0"]
[WhiteElo "2536"]
[BlackElo "2335"]
[PlyCount "78"]
[EventDate "1999.05.??"]
[EventType "team"]
[EventRounds "5"]
[EventCountry "CRO"]
[SourceTitle "CBM 070 Extra"]
[Source "ChessBase"]
[SourceDate "1999.07.10"]
[SourceVersion "1"]
[SourceVersionDate "1999.07.10"]
[SourceQuality "1"]

1. Nf3 Nf6 2. g3 d5 3. Bg2 e6 4. d4 c5 5. c4 cxd4 6. 0-0 Nc6 7. Nxd4 Qb6 8. Nxc6 bxc6 9. Qc2 Be7 10. b3 0-0 11. Nc3 Bb7 12. Bb2 Rac8 13. Rac1 Rfd8 14. Na4 Qa5 15. Rfd1 Nd7 16. Bc3 Qa6 17. Qb2 Bf8 18. cxd5 cxd5 19. Qd2 Bc6 20. Ba5 Re8 21. Nb2 Nf6 22. Nd3 Bb5 23. a4 Bxd3 24. exd3 Qb7 25. b4 Nd7 26. b5 Nb6 27. Qa2 Rxc1 28. Rxc1 Rc8 29. Rxc8 Nxc8 30. Qc2 Nb6 31. Bd2 Qc8 32. Qa2 Nd7 33. a5 Bc5 34. Qa4 Bd6 35. d4 Nf6 36. h3 h6 37. b6 axb6 38. a6 Qa8 39. a7 b5 1-0

[Event "Zagreb op"]
[Site "Zagreb"]
[Date "1999.??.??"]
[Round "9"]
[White "Gazarek, Danko"]
[Black "Majeric, Zoran"]
[Result "1-0"]
[WhiteElo "2335"]
[BlackElo "2335"]
[PlyCount "143"]
[EventDate "1999.??.??"]
[EventType "swiss"]
[EventRounds "9"]
[EventCountry "CRO"]
[SourceTitle "EXT 2000"]
[Source "ChessBase"]
[SourceDate "1999.11.16"]
[SourceVersion "1"]
[SourceVersionDate "1999.11.16"]
[SourceQuality "1"]

1. e4 c5 2. Nc3 Nc6 3. f4 g6 4. Nf3 Bg7 5. Bc4 d6 6. d3 Nf6 7. 0-0 0-0 8. f5 gxf5 9. Qe1 Na5 10. Qg3 Kh8 11. Qh4 Nxc4 12. dxc4 Bd7 13. Ng5 e6 14. exf5 exf5 15. Bf4 h6 16. Bxd6 Kg8 17. Nf3 Re8 18. Rad1 Rc8 19. Rfe1 Rxe1+ 20. Rxe1 Be6 21. Be5 Ng4 22. Bxg7 Qxh4 23. Nxh4 Kxg7 24. h3 Nf6 25. Re5 Nd7 26. Re1 Nf6 27. b3 Rd8 28. Nf3 b6 29. Kf2 Rd7 30. Re2 Rd8 31. Re1 Kf8 32. Re2 Rd6 33. Rd2 Rxd2+ 34. Nxd2 Bd7 35. Nf3 Bc6 36. Ke3 Ke7 37. a3 Ke6 38. Nb5 Bxb5 39. cxb5 Nd5+ 40. Kd2 Nf4 41. Ne1 Kd6 42. Ke3 Nd5+ 43. Kd3 Ke5 44. c4 Nc7 45. g3 Ne6 46. Nf3+ Kf6 47. Ke3 Nc7 48. b4 Ne6 49. bxc5 Nxc5 50. Nd4 a6 51. bxa6 Nxa6 52. Nb3 Ke5 53. a4 h5 54. h4 Ke6 55. a5 bxa5 56. Nxa5 Nc5 57. Nc6 Kd6 58. Nd4 Ke5 59. Nf3+ Kf6 60. Ng5 Nb3 61. Nh3 Ke5 62. Nf4 Na5 63. Kd3 Nb3 64. Nxh5 Nc5+ 65. Ke3 Ne4 66. Kd3 Nc5+ 67. Kc3 Ne4+ 68. Kb4 Kd4 69. Nf4 Nxg3 70. c5 Ne4 71. c6 Ke5 72. h5 1-0

[Event "CRO-chT"]
[Site "Porec"]
[Date "1998.09.15"]
[Round "9"]
[White "Gazarek, Danko"]
[Black "Zelenika, Srdjan"]
[Result "1/2-1/2"]
[WhiteElo "2310"]
[BlackElo "2255"]
[PlyCount "21"]
[EventDate "1998.09.??"]
[EventType "team"]
[EventRounds "9"]
[EventCountry "CRO"]
[SourceTitle "EXT 1999"]
[Source "ChessBase"]
[SourceDate "1998.11.16"]
[SourceVersion "1"]
[SourceVersionDate "1998.11.16"]
[SourceQuality "1"]

1. d4 Nf6 2. Nf3 g6 3. c4 Bg7 4. Nc3 0-0 5. Bg5 d6 6. e3 c5 7. Be2 cxd4 8. Nxd4 Qa5 9. Bxf6 Bxf6 10. 0-0 Nc6 11. Qd2 1/2-1/2

[Event "Zagreb op"]
[Site "Zagreb"]
[Date "1998.01.08"]
[Round "6"]
[White "Gazarek, Danko"]
[Black "Rezan, Sasa"]
[Result "1/2-1/2"]
[WhiteElo "2315"]
[BlackElo "2265"]
[PlyCount "97"]
[EventDate "1998.01.03"]
[EventType "swiss"]
[EventRounds "9"]
[EventCountry "CRO"]
[SourceTitle "CBM 062 Extra"]
[Source "ChessBase"]
[SourceDate "1998.03.09"]
[SourceVersion "1"]
[SourceVersionDate "1998.03.09"]
[SourceQuality "1"]

1. d4 Nf6 2. Nf3 g6 3. c4 Bg7 4. Nc3 0-0 5. Bg5 d6 6. e3 c5 7. Be2 Qa5 8. Qd2 Bg4 9. 0-0 Nbd7 10. h3 Bxf3 11. Bxf3 Rac8 12. d5 a6 13. a4 Qb4 14. Be2 b5 15. cxb5 axb5 16. Bxb5 Nb6 17. a5 Nc4 18. Bxc4 Qxc4 19. a6 h6 20. Ra4 Qb3 21. Bxf6 Bxf6 22. Rfa1 Ra8 23. R1a3 Qb6 24. Ra5 Rfb8 25. Nb5 Rxa6 26. Rxa6 Qxb5 27. Ra8 Bxb2 28. Rxb8+ Qxb8 29. Ra2 Bf6 30. Qc2 Qb4 31. Ra4 Qe1+ 32. Kh2 Be5+ 33. g3 Qf1 34. Ra2 h5 35. Qe2 Qb1 36. Qc2 Qb4 37. Kg2 Kg7 38. Ra4 Qb5 39. Qc4 Qb1 40. Ra7 Bf6 41. Ra4 Qd1 42. Qe4 Qe2 43. Qc4 Qd1 44. Ra2 Qb1 45. Rc2 Qb4 46. Qd3 Qb1 47. Qe2 Qb7 48. Qc4 Qb4 49. Qd3 1/2-1/2